<?xml version="1.0" encoding="UTF-8"?>
<record
    xmlns:xsi="http://www.w3.org/2001/XMLSchema-instance"
    xsi:schemaLocation="http://www.loc.gov/MARC21/slim http://www.loc.gov/standards/marcxml/schema/MARC21slim.xsd"
    xmlns="http://www.loc.gov/MARC21/slim">

  <leader>00744nam a2200169Ia 4500</leader>
  <controlfield tag="008">121028s9999    xx            000 0 und d</controlfield>
  <datafield tag="020" ind1=" " ind2=" ">
    <subfield code="a">84-241-9713-5</subfield>
  </datafield>
  <datafield tag="050" ind1=" " ind2=" ">
    <subfield code="a">Tx412  E94  1994</subfield>
  </datafield>
  <datafield tag="100" ind1=" " ind2=" ">
    <subfield code="a">EVEREST, ed</subfield>
  </datafield>
  <datafield tag="245" ind1=" " ind2=" ">
    <subfield code="a">Enciclopedia de las bebinas famosas del mundo</subfield>
  </datafield>
  <datafield tag="260" ind1=" " ind2=" ">
    <subfield code="a">Espa&#xF1;a : Everest,</subfield>
  </datafield>
  <datafield tag="300" ind1=" " ind2=" ">
    <subfield code="a">V1 124 p, V2 252 p, V3 410 p</subfield>
  </datafield>
  <datafield tag="440" ind1=" " ind2=" ">
    <subfield code="a">Bebidas Famosas del Mundo /  Everest edi ,  tr Julio Herrero, J. Tola y J. Fuentes</subfield>
  </datafield>
  <datafield tag="500" ind1=" " ind2=" ">
    <subfield code="a">Menu-Getranke von A bis Z.  Incluye &#xCD;ndice.  Incluye &#xCD;ndices por grupos.  </subfield>
  </datafield>
  <datafield tag="505" ind1=" " ind2=" ">
    <subfield code="a"> 1. Bebidas sin alcohol.  2. Bowles y ponches fr&#xED;os.  3. Bebidas calientes.  4. Licores.  5. Longdrinks.  6. Batidos.  7. Shortdrinks.  </subfield>
  </datafield>
  <datafield tag="700" ind1=" " ind2=" ">
    <subfield code="a">Julio Herrero, J. Tola y J. Fuentes. t&#xCC;</subfield>
  </datafield>
  <datafield tag="952" ind1=" " ind2=" ">
    <subfield code="0">0</subfield>
    <subfield code="1">0</subfield>
    <subfield code="4">0</subfield>
    <subfield code="7">0</subfield>
    <subfield code="a">14</subfield>
    <subfield code="b">14</subfield>
    <subfield code="d">2009-12-10</subfield>
    <subfield code="l">3</subfield>
    <subfield code="o">TX412  E94  1994</subfield>
    <subfield code="p">14 002704</subfield>
    <subfield code="r">2015-07-16</subfield>
    <subfield code="s">2015-07-16</subfield>
    <subfield code="t">1</subfield>
    <subfield code="w">2012-10-28</subfield>
    <subfield code="y">LB</subfield>
  </datafield>
  <datafield tag="952" ind1=" " ind2=" ">
    <subfield code="0">0</subfield>
    <subfield code="1">0</subfield>
    <subfield code="4">0</subfield>
    <subfield code="7">0</subfield>
    <subfield code="a">14</subfield>
    <subfield code="b">14</subfield>
    <subfield code="d">2009-12-10</subfield>
    <subfield code="l">1</subfield>
    <subfield code="o">TX412  E94  1994</subfield>
    <subfield code="p">14 002705</subfield>
    <subfield code="r">2013-10-10</subfield>
    <subfield code="s">2013-10-10</subfield>
    <subfield code="t">2</subfield>
    <subfield code="w">2012-10-28</subfield>
    <subfield code="y">LB</subfield>
  </datafield>
  <datafield tag="952" ind1=" " ind2=" ">
    <subfield code="0">0</subfield>
    <subfield code="1">0</subfield>
    <subfield code="4">0</subfield>
    <subfield code="7">0</subfield>
    <subfield code="a">14</subfield>
    <subfield code="b">14</subfield>
    <subfield code="d">2009-12-10</subfield>
    <subfield code="l">0</subfield>
    <subfield code="o">TX412  E94  1994</subfield>
    <subfield code="p">14 002706</subfield>
    <subfield code="r">2012-10-28</subfield>
    <subfield code="t">3</subfield>
    <subfield code="w">2012-10-28</subfield>
    <subfield code="y">LB</subfield>
  </datafield>
  <datafield tag="952" ind1=" " ind2=" ">
    <subfield code="0">0</subfield>
    <subfield code="1">0</subfield>
    <subfield code="4">0</subfield>
    <subfield code="7">0</subfield>
    <subfield code="a">14</subfield>
    <subfield code="b">14</subfield>
    <subfield code="d">2009-12-10</subfield>
    <subfield code="l">3</subfield>
    <subfield code="o">TX412  E94  1994</subfield>
    <subfield code="p">14 002707</subfield>
    <subfield code="r">2015-07-16</subfield>
    <subfield code="s">2015-07-16</subfield>
    <subfield code="t">1</subfield>
    <subfield code="w">2012-10-28</subfield>
    <subfield code="y">LB</subfield>
  </datafield>
  <datafield tag="952" ind1=" " ind2=" ">
    <subfield code="0">0</subfield>
    <subfield code="1">0</subfield>
    <subfield code="4">0</subfield>
    <subfield code="7">0</subfield>
    <subfield code="a">14</subfield>
    <subfield code="b">14</subfield>
    <subfield code="d">2009-12-10</subfield>
    <subfield code="l">3</subfield>
    <subfield code="o">TX412  E94  1994</subfield>
    <subfield code="p">14 002708</subfield>
    <subfield code="r">2016-11-10</subfield>
    <subfield code="s">2016-11-10</subfield>
    <subfield code="t">2</subfield>
    <subfield code="w">2012-10-28</subfield>
    <subfield code="y">LB</subfield>
  </datafield>
  <datafield tag="952" ind1=" " ind2=" ">
    <subfield code="0">0</subfield>
    <subfield code="1">0</subfield>
    <subfield code="4">0</subfield>
    <subfield code="7">0</subfield>
    <subfield code="a">14</subfield>
    <subfield code="b">14</subfield>
    <subfield code="d">2009-12-10</subfield>
    <subfield code="l">3</subfield>
    <subfield code="o">TX412  E94  1994</subfield>
    <subfield code="p">14 002709</subfield>
    <subfield code="r">2015-12-12</subfield>
    <subfield code="s">2015-12-09</subfield>
    <subfield code="t">3</subfield>
    <subfield code="w">2012-10-28</subfield>
    <subfield code="y">LB</subfield>
  </datafield>
  <datafield tag="952" ind1=" " ind2=" ">
    <subfield code="0">0</subfield>
    <subfield code="1">0</subfield>
    <subfield code="4">0</subfield>
    <subfield code="7">0</subfield>
    <subfield code="a">14</subfield>
    <subfield code="b">14</subfield>
    <subfield code="d">2009-12-10</subfield>
    <subfield code="l">1</subfield>
    <subfield code="o">TX412  E94  1994</subfield>
    <subfield code="p">14 002710</subfield>
    <subfield code="r">2015-07-16</subfield>
    <subfield code="s">2015-07-16</subfield>
    <subfield code="t">1</subfield>
    <subfield code="w">2012-10-28</subfield>
    <subfield code="y">LB</subfield>
  </datafield>
  <datafield tag="952" ind1=" " ind2=" ">
    <subfield code="0">0</subfield>
    <subfield code="1">0</subfield>
    <subfield code="4">0</subfield>
    <subfield code="7">0</subfield>
    <subfield code="a">14</subfield>
    <subfield code="b">14</subfield>
    <subfield code="d">2009-12-10</subfield>
    <subfield code="l">2</subfield>
    <subfield code="o">TX412  E94  1994</subfield>
    <subfield code="p">14 002711</subfield>
    <subfield code="r">2014-02-24</subfield>
    <subfield code="s">2014-02-21</subfield>
    <subfield code="t">2</subfield>
    <subfield code="w">2012-10-28</subfield>
    <subfield code="y">LB</subfield>
  </datafield>
  <datafield tag="952" ind1=" " ind2=" ">
    <subfield code="0">0</subfield>
    <subfield code="1">0</subfield>
    <subfield code="4">0</subfield>
    <subfield code="7">0</subfield>
    <subfield code="a">14</subfield>
    <subfield code="b">14</subfield>
    <subfield code="d">2009-12-10</subfield>
    <subfield code="l">4</subfield>
    <subfield code="o">TX412  E94  1994</subfield>
    <subfield code="p">14 002712</subfield>
    <subfield code="r">2016-11-17</subfield>
    <subfield code="s">2016-11-17</subfield>
    <subfield code="t">3</subfield>
    <subfield code="w">2012-10-28</subfield>
    <subfield code="y">LB</subfield>
  </datafield>
  <datafield tag="999" ind1=" " ind2=" ">
    <subfield code="c">85297</subfield>
    <subfield code="d">85297</subfield>
  </datafield>
</record>
